| 000 | 00901nam a2200265Ia 4500 | ||
|---|---|---|---|
| 003 | OSt | ||
| 005 | 20220927105310.0 | ||
| 006 | a|||||r|||| 00| 0 | ||
| 007 | ta | ||
| 008 | 220926b |||||||| |||| 00| 0 eng d | ||
| 020 | _a9788182570924 | ||
| 024 | _a173855 | ||
| 037 | _cReference Collections | ||
| 040 |
_aRTL _cRTL _beng |
||
| 041 |
_2eng _aeng |
||
| 082 | _a"X:54.1,h,N95, P7.2" | ||
| 110 |
_a"cuts centre for international trade, economics and environment" _9371495 |
||
| 245 | 0 |
_aSouth Asian positions in the WTO Round _b In search of a trade development agenda. V2 |
|
| 260 |
_aJaipur _bCuts international _c2007 |
||
| 300 |
_a"x,385p" _ccm. |
||
| 650 |
_aORLD tRADE ORGANISATION _9371496 |
||
| 700 |
_a"cuts centre for international trade, economics and environment" _9371497 |
||
| 942 |
_h"X:54.1,h,N95, P7.2" _cCC |
||
| 999 |
_c691666 _d691666 |
||